| 000 | 01011nam a2200265 4500 | ||
|---|---|---|---|
| 005 | 20200104041747.0 | ||
| 008 | 160608t2014 sz ao|||r|||| 00| 0 spa d | ||
| 020 | _a9782831716831 | ||
| 040 |
_aCO-BoIAVH _cCO-BoIAVH |
||
| 041 | 1 | _aspa | |
| 044 | _asz | ||
| 082 | 0 | 4 |
_a333.72068 _bC32g |
| 245 | 0 | 0 | _aCartilla sobre gobernanza para áreas protegidas y conservadas |
| 260 |
_aGland (Suiza) : _bUnión Internacional para la Conservación de la Naturaleza y de los Recursos Naturales, _cc2014. |
||
| 300 |
_a24 páginas : _bilustraciones a color y fotografías a color ; _c21 x 21 cm. |
||
| 504 | _aIncluye referencias bibliográficas. | ||
| 650 | 1 | 4 | _aGobernanza |
| 650 | 2 | 6 | _aGobernancia |
| 650 | 2 | 4 | _aÁreas naturales protegidas |
| 650 | 2 | 6 | _aZonas protegidas |
| 650 | 2 | 6 | _aConservación de la naturaleza |
| 700 | 1 |
_aAmaya, Carolina _etraducción |
|
| 710 | 2 | _aUnión Internacional para la Conservación de la Naturaleza UICN | |
| 942 |
_2ddc _cLIBRO |
||
| 999 |
_c18775 _d18775 |
||